La Dimensión ambiental del CAFTA /

Сохранить в:
Библиографические подробности
Главный автор: Cabrera Madaglia, Jorge
Формат: Текст
Предметы:
Метки: Добавить метку
Нет меток, Требуется 1-ая метка записи!

MARC

LEADER 00000 a a2200000 04500
001 6964
003
040
100 |a Cabrera Madaglia, Jorge  
245 |a La Dimensión ambiental del CAFTA /  |c Jorge Cabrera Madaglia 
650 |a ACUERDOS INTERNACIONALES  
650 |a LEGISLACION AMBIENTAL  
773 |g volumen 5, número 14; páginas 14-17  
999 |c 26292  |d 26292